| 000 | 00889nam a22001097a 4500 | ||
|---|---|---|---|
| 999 |
_c60589 _d60589 |
||
| 008 | 230913s2004ge xxu||||| |||| 00| 0 geo d | ||
| 020 | _a9994001221 | ||
| 080 |
_a07 _bჰ-263 |
||
| 100 |
_aჰამილტონი, ჯონ მაქსველ, ავტორი. _919812 |
||
| 245 |
_aჩაეჭიდეთ პრესას : _bამბავი საგაზეთო ცხოვრებაზე / _cჯონ მაქსველ ჰამილტონი, ჯორჯ კრიმსკი ; მთარგმნელი ნოდარ მანჩხაშვილი ; რედაქტორი ანა ჭაბაშვილი. |
||
| 264 |
_aთბილისი : _b ჟურნ. და მედია მენეჯმ. კავკ. სკოლა : საქ. საზ. საქმეთა ინ-ტი, (სტ. "სეზანი") _c2004 . |
||